00241nam a2200097Ia 4500008004100000100002300041245003900064260001900103260000900122546001200131170619s9999 xx 000 0 und d aStallings- William 0aISDN and broadband ISDN with frame bNew Delhi: PHI c2004 aENGLISH